Statystyki dla Tatrzańskie dwutysięczniki

Kliknij tutaj aby rozwiązać quiz!

Ogólne statystyki

  • Ten quiz został rozwiązany 39 razy
  • Średni wynik to 14 z 55

Statystyki odpowiedzi

Wysokość (m n.p.m.)PaństwoSzczyt% Poprawnych
2499Polska/SłowacjaRysy
100%
2495SłowacjaKrywań
65%
2005Polska/SłowacjaKopa Kondracka
52%
2291PolskaKozi Wierch
52%
2122Polska/SłowacjaKrzesanica
52%
2301Polska/SłowacjaŚwinica
52%
2096Polska/SłowacjaCiemniak
48%
2064Polska/SłowacjaWołowiec
48%
2248SłowacjaBystra
45%
2363SłowacjaKoprowy Wierch
45%
2096Polska/SłowacjaMałołączniak
45%
2172Polska/SłowacjaSzpiglasowy Wierch
45%
2429SłowacjaMała Wysoka
42%
2176Polska/SłowacjaStarorobociański Wierch
42%
2240PolskaZadni Granat
42%
2012Polska/SłowacjaBeskid
39%
2155PolskaKościelec
39%
2225PolskaSkrajny Granat
39%
2452SłowacjaSławkowski Sczyt
39%
2137Polska/SłowacjaJarząbczy Wierch
35%
2234PolskaPośredni Granat
35%
2307Polska/SłowacjaPrzełęcz pod Chłopkiem
32%
2226PolskaMały Kozi Wierch
29%
2002Polska/SłowacjaKończysty Wierch
26%
2263PolskaKozie Czuby
26%
2215SłowacjaWielka Łomnica
26%
2352SłowacjaCzerwona Ławka
19%
2230SłowacjaJagnięcy Szczyt
19%
2088SłowacjaRohacz Ostry
19%
2125SłowacjaRohacz Płaczliwy
19%
2022Polska/SłowacjaWrota Chałubińskiego
19%
2288SłowacjaRohatka
16%
2093SłowacjaSkrajne Solisko
16%
2136SłowacjaTrzy Kopy
16%
2372SłowacjaLodowa Przełęcz
13%
2185SłowacjaBaraniec
10%
2168PolskaMała Buczynowa Turnia
10%
2072SłowacjaSmrek
10%
2178SłowacjaBanówka
6%
2166SłowacjaHruba Kopa
6%
2044SłowacjaKlin
6%
2334SłowacjaMały Krywań
6%
2046SłowacjaMały Salatyn
6%
2167SłowacjaPachoł
6%
2048SłowacjaSalatyński Wierch
6%
2097Polska/SłowacjaSkrajna Turnia
6%
2083SłowacjaSpalona Kopa
6%
2300SłowacjaBystra Ławka
3%
2273SłowacjaKrólewski Nos
3%
2194SłowacjaRaczkowa Czuba
3%
2038SłowacjaRakuska Czuba
3%
2142SłowacjaJałowiecki Przysłop
0%
2050SłowacjaPośrednia Magura
0%
2144SłowacjaSzczerbawy
0%
2095SłowacjaWyżnia Magura
0%

Rozkład punktacji

Percentyl według liczby udzielonych odpowiedzi

Procent ludzi z każdym wynikiem

Twoja historia wyników

Nie rozwiązałeś tego quizu